000 01286cam a2200217 4500
001 WB@3612-732
008 041202n2004 000 0 eng u
035 _a(Sirsi) u128179
245 _aPoverty in Britain
260 _c2004
490 _aJoseph Rowntree Foundation Press Release
_v1 December 2004 (3)
520 _aPoverty in Britain is continuing to decline according to a new report by the New Policy Institute for the Joseph Rowntree Foundation. "Monitoring poverty and social exclusion 2004" takes stock of 50 different indicators including measures of income, employment, education, education, health, housing and crime. It shows improvements over the past five to six years on 18 of the indicators, compared with eight that have grown worse. The most recent statistics show that 12.4m people (22% of the population) were living in households with net incomes below the poverty line. This figure for 2002/03 compares with 14m who lived in low-income households in 1996/97. The full report is available to download from the website. http://www.jrf.org.uk/pressroom/releases/011204.as p
590 _aWB
590 _aWB
650 _aPOVERTY
650 _aSOCIAL EXCLUSION
650 _aHOMELESSNESS
650 _aBRITAIN
690 _aREGENERATION
942 _n0
999 _c118394
_d118394